Rompp Lexikon Chemie Pl-S

Gespeichert in:
Bibliographische Detailangaben
Weitere Verfasser: Falbe, Jürgen, Regitz, Manfred
Format: Buch
Sprache:Deutsch
Veröffentlicht: Stuttgart Georg Thieme 1999
Ausgabe:10., vollig übearb, Aufl.
Schlagworte:
Online-Zugang:Im OPAC anzeigen
Tags: Tag hinzufügen
Keine Tags, Fügen Sie das erste Tag hinzu!

MARC

LEADER 00000nam a2200000 a 4500
005 20260127134103.0
008 090506 1999 gw 000 0 ger d
020 |a 3137350107 (Band 5) 
035 |a vtls009505639 
039 9 |a 200905061017  |b mschk03  |y 200905061014  |z mschk03 
040 |a STUSCHK1  |b slo  |c STUSCHK1  |e AACR2 
245 1 |a Rompp Lexikon Chemie  |b Pl-S  |c Hrsg. Jürgen Falbe, Manfred Regitz 
250 |a 10., vollig übearb, Aufl. 
260 |a Stuttgart  |b Georg Thieme  |c 1999 
300 |a x, 3369-4363 s.  |b il.  |c 24,5 cm 
650 0 |a chémia 
650 0 |a lexikón 
700 1 |a Falbe, Jürgen 
700 1 |a Regitz, Manfred 
910 |a SCHK95 
919 |a 3-13-735010-7 
999 |c 3752  |d 3752